[Event "Philadelphia Open 2015"]
[Site "Philadelphia"]
[Date "2015.04.01"]
[Round "1.1"]
[White "Panchanatham, Vignesh"]
[Black "Dreev, Aleksey"]
[Result "0-1"]
[WhiteElo "2260"]
[BlackElo "2636"]
[PlyCount "88"]
[EventDate "2015.04.??"]
[EventType "swiss"]
[EventRounds "9"]
[EventCountry "USA"]
[WhiteClock "0:16:43"]
[BlackClock "0:15:16"]

1. d4 d6 2. c4 g6 3. Nc3 Bg7 4. Nf3 e5 5. Bg5 f6 6. Be3 Ne7 7. dxe5 fxe5 8. g3
Nbc6 9. Bg2 O-O 10. O-O h6 11. Rc1 Be6 12. Nd5 a5 13. a3 a4 14. b4 axb3 15.
Qxb3 Na5 16. Qd3 Nf5 17. Bd2 Nc6 18. Nb4 Ra4 19. Nh4 Nxh4 20. Nxc6 bxc6 21.
gxh4 Qxh4 22. Bxc6 Rxc4 23. Rxc4 Bxc4 24. Qg3 Qxg3+ 25. hxg3 d5 26. Rb1 Rf6 27.
Rb8+ Kh7 28. Bb5 Rb6 29. Rxb6 cxb6 30. Bxc4 dxc4 31. e4 b5 32. Kf1 Bf8 33. Bc1
h5 34. Ke2 Be7 35. Bb2 g5 36. Kd2 Bd6 37. Ke2 Kg6 38. Kf3 Kf6 39. Kg2 Bc5 40.
f3 Be3 41. Kf1 Ke6 42. Ke2 Bd4 43. Bc1 h4 44. gxh4 gxh4 0-1

[Event "Philadelphia Open 2015"]
[Site "Philadelphia"]
[Date "2015.04.01"]
[Round "1.2"]
[White "Quesada Perez, Yuniesky"]
[Black "Betaneli, Alexander"]
[Result "1/2-1/2"]
[WhiteElo "2629"]
[BlackElo "2254"]
[PlyCount "93"]
[EventDate "2015.04.??"]
[EventType "swiss"]
[EventRounds "9"]
[EventCountry "USA"]
[WhiteClock "0:21:29"]
[BlackClock "0:20:55"]

1. e4 e5 2. Nf3 Nc6 3. Bb5 a6 4. Ba4 Nf6 5. O-O Be7 6. Re1 d6 7. c3 Bg4 8. h3
Bh5 9. d3 Nd7 10. Nbd2 Nc5 11. Bc2 Ne6 12. Nf1 Ng5 13. N1h2 O-O 14. Be3 Nxf3+
15. Nxf3 Bxf3 16. Qxf3 Bg5 17. d4 Bxe3 18. Qxe3 h6 19. a3 Qg5 20. Qd3 Ne7 21.
g3 h5 22. h4 Qf6 23. Rad1 g6 24. Bb3 Kg7 25. Re3 Ng8 26. f4 exf4 27. Rf3 Nh6
28. Rxf4 Qe7 29. Rdf1 Rae8 30. a4 f5 31. Bc2 fxe4 32. Qxe4 Qxe4 33. Rxe4 Rxf1+
34. Kxf1 Rxe4 35. Bxe4 c6 36. a5 d5 37. Bd3 Kf6 38. Kf2 Nf7 39. Ke3 Nd6 40. b3
g5 41. Kf2 Nb5 42. Bxb5 axb5 43. Kg2 Kf5 44. Kf3 Kg6 45. Ke3 Kf5 46. Kf3 Kg6
47. Ke3 1/2-1/2

[Event "Philadelphia Open 2015"]
[Site "Philadelphia"]
[Date "2015.04.01"]
[Round "1.3"]
[White "Dehmelt, Karl"]
[Black "Ortiz Suarez, Isam Reynaldo"]
[Result "1-0"]
[WhiteElo "2246"]
[BlackElo "2612"]
[PlyCount "151"]
[EventDate "2015.04.??"]
[EventType "swiss"]
[EventRounds "9"]
[EventCountry "USA"]
[WhiteClock "0:06:01"]
[BlackClock "0:32:52"]

1. e4 c5 2. Nf3 e6 3. d4 cxd4 4. Nxd4 Nc6 5. Nxc6 bxc6 6. Bd3 Nf6 7. O-O Qc7 8.
c4 e5 9. Nc3 Bc5 10. Rb1 a5 11. Na4 Bd4 12. c5 O-O 13. Bg5 d6 14. Nb6 Rb8 15.
Nxc8 Qxc8 16. Bxf6 gxf6 17. cxd6 Rd8 18. Qe2 Rxd6 19. Bc4 Qd7 20. b3 Rd8 21.
Qh5 Bb6 22. Kh1 Kg7 23. Rbc1 Rd2 24. Rc3 Rxf2 25. Rxf2 Bxf2 26. Rd3 Qc7 27.
Rxd8 Qxd8 28. Qxf7+ Kh6 29. Be2 Bc5 30. g3 Be7 31. Kg2 Qd2 32. Kf1 Qc1+ 33. Kg2
Qc2 34. Qh5+ Kg7 35. Qg4+ Kf8 36. Kh3 h5 37. Qxh5 Qxe4 38. Bc4 Kg7 39. Qf7+ Kh6
40. Qxe7 Qf5+ 41. Kg2 Qc2+ 42. Kf3 Qd1+ 43. Be2 Qh1+ 44. Ke3 Qg1+ 45. Kd2 Qd4+
46. Kc2 e4 47. Qf8+ Kh7 48. Qf7+ Kh6 49. Qh5+ Kg7 50. Qxa5 Qf2 51. Qd2 Qxh2 52.
g4 Qf2 53. Kb2 Kf8 54. a4 Kg7 55. a5 c5 56. Qc2 Qd4+ 57. Ka2 Qb4 58. a6 e3 59.
Bc4 Kh6 60. Kb2 Qb8 61. Qe4 Qh2+ 62. Ka3 Qd2 63. Qf4+ Kg7 64. Qc7+ Kg6 65. Qf7+
Kg5 66. Qh5+ Kf4 67. Qxc5 Kg3 68. a7 Qc1+ 69. Ka4 e2 70. Qd6+ Kh3 71. Bxe2 Qa1+
72. Kb5 Qxa7 73. Qxf6 Qb8+ 74. Kc4 Qc7+ 75. Kd3 Qh7+ 76. Qf5 1-0

[Event "Philadelphia Open 2015"]
[Site "Philadelphia"]
[Date "2015.04.01"]
[Round "1.4"]
[White "Avrukh, Boris"]
[Black "Gorman, Dov"]
[Result "1/2-1/2"]
[WhiteElo "2610"]
[BlackElo "2226"]
[PlyCount "87"]
[EventDate "2015.04.??"]
[EventType "swiss"]
[EventRounds "9"]
[EventCountry "USA"]
[WhiteClock "0:19:15"]
[BlackClock "0:35:48"]

1. d4 d5 2. c4 e6 3. Nf3 c5 4. cxd5 exd5 5. g3 Nf6 6. Bg2 Nc6 7. O-O Be7 8.
dxc5 Bxc5 9. Qc2 Be7 10. Rd1 O-O 11. Nc3 Qa5 12. Be3 Be6 13. a3 Rac8 14. Qd3
Rfd8 15. b4 Qc7 16. Rac1 Qd7 17. Qb1 h6 18. Bf4 Bf5 19. Qb3 Qe6 20. Nd4 Nxd4
21. Rxd4 Be4 22. Nxe4 Rxc1+ 23. Bxc1 dxe4 24. Qxe6 fxe6 25. Rxd8+ Bxd8 26. Kf1
a5 27. b5 Be7 28. a4 Bc5 29. Ke1 Kf7 30. e3 Ke7 31. Bb2 Kd6 32. Kd2 Kd5 33. Kc2
e5 34. Bh3 Bb4 35. b6 Ne8 36. Bf5 Bc5 37. Bg6 Nd6 38. Bh7 Ke6 39. Bg8+ Kf6 40.
Bd5 Bxb6 41. Ba3 Bc7 42. h4 g5 43. hxg5+ hxg5 44. Bxd6 1/2-1/2

[Event "Philadelphia Open 2015"]
[Site "Philadelphia"]
[Date "2015.04.01"]
[Round "1.5"]
[White "Margvelashvili, Giorgi"]
[Black "Burke, John Michael"]
[Result "1-0"]
[WhiteElo "2539"]
[BlackElo "2200"]
[PlyCount "75"]
[EventDate "2015.04.??"]
[EventType "swiss"]
[EventRounds "9"]
[EventCountry "USA"]

1. d4 Nf6 2. c4 g6 3. Nf3 Bg7 4. e3 O-O 5. Be2 d5 6. cxd5 Nxd5 7. e4 Nb6 8. h3
c5 9. d5 f5 10. Nbd2 fxe4 11. Nxe4 Nxd5 12. O-O Na6 13. Bc4 e6 14. Qe2 Nb6 15.
Bxa6 bxa6 16. Nxc5 Qe7 17. Be3 Nd5 18. Rac1 Rb8 19. b3 Rb5 20. a4 Nxe3 21. Qxe3
Rb4 22. Ne5 Qd6 23. Nc4 Qd4 24. Rcd1 Qxe3 25. fxe3 Re8 26. Nd6 Rd8 27. Nde4 Rd5
28. Rxd5 exd5 29. Nd6 Bf8 30. Rxf8+ Kxf8 31. Nxc8 Ke8 32. Nxa7 Rb8 33. Nxa6
Rxb3 34. Nc7+ Kd7 35. Nxd5 Kd6 36. e4 Ke5 37. Nb5 Kxe4 38. Ndc3+ 1-0

[Event "Philadelphia Open 2015"]
[Site "Philadelphia"]
[Date "2015.04.01"]
[Round "1.6"]
[White "Waidyaratne, Kasun"]
[Black "Chirila, Ioan Cristian"]
[Result "0-1"]
[WhiteElo "2195"]
[BlackElo "2537"]
[PlyCount "34"]
[EventDate "2015.04.??"]
[EventType "swiss"]
[EventRounds "9"]
[EventCountry "USA"]

1. e4 e5 2. Nf3 Nc6 3. Bb5 a6 4. Bxc6 dxc6 5. d3 Bd6 6. O-O Bg4 7. Nbd2 Ne7 8.
h3 Bh5 9. Re1 O-O 10. Nf1 f5 11. exf5 Nxf5 12. g4 Nh4 13. N1h2 Qf6 14. gxh5 e4
15. Rxe4 Bxh2+ 16. Kxh2 Nxf3+ 17. Kg2 Nh4+ 0-1

[Event "Philadelphia Open 2015"]
[Site "Philadelphia"]
[Date "2015.04.01"]
[Round "1.7"]
[White "Wang, Qibiao"]
[Black "Ghaem Maghami, Ehsan"]
[Result "1/2-1/2"]
[WhiteElo "2206"]
[BlackElo "2562"]
[PlyCount "75"]
[EventDate "2015.04.??"]
[EventType "swiss"]
[EventRounds "9"]
[EventCountry "USA"]

1. e4 c5 2. Nf3 e6 3. d4 cxd4 4. Nxd4 a6 5. Bd3 Nf6 6. Nc3 Qc7 7. f4 d6 8. g4
Nc6 9. Nxc6 bxc6 10. g5 Nd7 11. Qe2 Rb8 12. h4 Nc5 13. Be3 Rxb2 14. Bxc5 Qa5
15. Qd2 dxc5 16. Nd1 Qxd2+ 17. Kxd2 Rb8 18. Ne3 h6 19. g6 fxg6 20. Nc4 Be7 21.
Rag1 Rf8 22. Ke3 e5 23. Nxe5 c4 24. Nxc4 g5 25. hxg5 hxg5 26. f5 g6 27. fxg6
Bc5+ 28. Kd2 Bxg1 29. Rxg1 g4 30. Nd6+ Ke7 31. Nxc8+ Rbxc8 32. Bxa6 Rcd8+ 33.
Bd3 Rf4 34. Ke3 Rf3+ 35. Ke2 Rf4 36. Ke3 Rf3+ 37. Ke2 Rf4 38. Ke3 1/2-1/2

[Event "Philadelphia Open 2015"]
[Site "Philadelphia"]
[Date "2015.04.01"]
[Round "1.8"]
[White "Zierk, Steven"]
[Black "Peng, David Tianjian"]
[Result "1-0"]
[WhiteElo "2485"]
[BlackElo "2193"]
[PlyCount "57"]
[EventDate "2015.04.??"]
[EventType "swiss"]
[EventRounds "9"]
[EventCountry "USA"]

1. e4 c5 2. Nf3 d6 3. d4 cxd4 4. Nxd4 Nf6 5. Nc3 e6 6. g4 h6 7. Rg1 Nc6 8. Be3
d5 9. Bb5 Bd7 10. exd5 exd5 11. Qe2 Bb4 12. Nxc6 Bxc6 13. Bd4+ Kf8 14. O-O-O
Qa5 15. Bxc6 bxc6 16. Qf3 Nh7 17. h4 Be7 18. Qg3 Qd8 19. g5 hxg5 20. hxg5 Bxg5+
21. f4 Bf6 22. Bc5+ Kg8 23. Ne4 g6 24. f5 Qe8 25. fxg6 fxg6 26. Nd6 Be5 27.
Qxg6+ Qxg6 28. Rxg6+ Kf8 29. Nc4+ 1-0

[Event "Philadelphia Open 2015"]
[Site "Philadelphia"]
[Date "2015.04.01"]
[Round "1.9"]
[White "Chevannes, Sabrina"]
[Black "Smith, Bryan"]
[Result "0-1"]
[WhiteElo "2192"]
[BlackElo "2482"]
[PlyCount "64"]
[EventDate "2015.04.??"]
[EventType "swiss"]
[EventRounds "9"]
[EventCountry "USA"]

1. d4 Nf6 2. Nf3 e6 3. e3 b6 4. Bd3 Bb7 5. O-O d5 6. b3 Bd6 7. Bb2 O-O 8. Nbd2
Ne4 9. c4 Nd7 10. cxd5 exd5 11. Ne5 Re8 12. Ndf3 f6 13. Nxd7 Qxd7 14. Nd2 Bb4
15. Nxe4 dxe4 16. Bc4+ Kh8 17. Qh5 f5 18. Rac1 Rf8 19. d5 Bd6 20. Qg5 a6 21.
Rfd1 Rae8 22. Rc2 f4 23. Be2 Qe7 24. Qxe7 Rxe7 25. exf4 Rxf4 26. g3 Rf5 27. h4
b5 28. g4 Rxd5 29. Rxd5 Bxd5 30. Rd2 c6 31. h5 Kg8 32. g5 Bf4 0-1

[Event "Philadelphia Open 2015"]
[Site "Philadelphia"]
[Date "2015.04.01"]
[Round "1.10"]
[White "Xiong, Jeffery"]
[Black "Gautam, Yogesh"]
[Result "1-0"]
[WhiteElo "2482"]
[BlackElo "2190"]
[PlyCount "75"]
[EventDate "2015.04.??"]
[EventType "swiss"]
[EventRounds "9"]
[EventCountry "USA"]

1. e4 e6 2. d4 d5 3. Nd2 Nc6 4. Ngf3 Nf6 5. e5 Nd7 6. Nb3 a5 7. a4 Be7 8. c3 f6
9. exf6 Bxf6 10. Bb5 O-O 11. Bf4 Na7 12. Bxd7 Bxd7 13. Nxa5 b6 14. Nb3 Nc6 15.
Bg3 Ra7 16. O-O Ne7 17. Nc1 c5 18. Nd3 c4 19. Nde5 Be8 20. b3 Qc8 21. Qb1 Qa6
22. Re1 cxb3 23. Qxb3 Bxa4 24. Qb4 b5 25. Nd3 Nc6 26. Qb1 Qc8 27. Nc5 Re8 28.
Qd3 Na5 29. Be5 Bxe5 30. Ng5 Bxh2+ 31. Kxh2 g6 32. Rxe6 Rxe6 33. Ncxe6 Nc4 34.
Re1 Re7 35. Qf3 Nb6 36. Qf6 Qb8+ 37. f4 Qe8 38. Nc7 1-0

[Event "Philadelphia Open 2015"]
[Site "Philadelphia"]
[Date "2015.04.01"]
[Round "1.11"]
[White "Sinha, Sahil"]
[Black "Chandra, Akshat"]
[Result "0-1"]
[WhiteElo "2190"]
[BlackElo "2476"]
[PlyCount "106"]
[EventDate "2015.04.??"]
[EventType "swiss"]
[EventRounds "9"]
[EventCountry "USA"]

1. d4 Nf6 2. c4 e6 3. Nf3 d5 4. Nc3 c6 5. e3 Nbd7 6. Bd3 dxc4 7. Bxc4 b5 8. Bd3
a6 9. e4 c5 10. d5 Qc7 11. O-O c4 12. Bc2 e5 13. Qe2 Bd6 14. Bg5 h6 15. Bd2 O-O
16. Rfc1 Rb8 17. Nd1 Re8 18. a4 Qd8 19. b4 cxb3 20. Bxb3 Nc5 21. Bc2 b4 22. Nb2
a5 23. Ne1 Ba6 24. Qe3 Re7 25. f3 Rc7 26. Bb3 Nxb3 27. Qxb3 Bc5+ 28. Be3 Rbc8
29. Bxc5 Rxc5 30. Qe3 Rc3 31. Rxc3 Rxc3 32. Qa7 Qd6 33. Rd1 Nd7 34. Ned3 f6 35.
h3 Bxd3 36. Rxd3 Qc5+ 37. Qxc5 Rxc5 38. Rd2 Kf7 39. Kf2 Rc3 40. Ke2 Nc5 41. d6
Ke8 42. Rd5 Kd7 43. g3 h5 44. Nd1 Rc2+ 45. Ke3 b3 46. Nb2 Ne6 47. Nd3 g5 48.
Rxa5 Nd4 49. Nc5+ Kxd6 50. Nxb3 Rc3+ 51. Kd2 Rxb3 52. f4 Rxg3 53. Rd5+ Ke6 0-1

[Event "Philadelphia Open 2015"]
[Site "Philadelphia"]
[Date "2015.04.01"]
[Round "1.12"]
[White "Kannappan, Priyadharshan"]
[Black "Niemann, Hans Moke"]
[Result "1-0"]
[WhiteElo "2456"]
[BlackElo "2181"]
[PlyCount "75"]
[EventDate "2015.04.??"]
[EventType "swiss"]
[EventRounds "9"]
[EventCountry "USA"]

1. d4 Nf6 2. Nc3 d5 3. Bf4 g6 4. Qd2 Bg7 5. Bh6 O-O 6. O-O-O c6 7. Bxg7 Kxg7 8.
f3 Qa5 9. g4 b5 10. a3 Na6 11. e4 dxe4 12. g5 Nd5 13. Nxe4 Qxd2+ 14. Rxd2 f5
15. Nf2 Nac7 16. h4 Ne3 17. Bd3 a5 18. Nd1 Nxd1 19. Kxd1 Nd5 20. h5 Be6 21.
Rdh2 Bf7 22. hxg6 Bxg6 23. Ne2 Rfc8 24. Kd2 Rab8 25. Rh4 a4 26. Nf4 Nxf4 27.
Rxf4 e6 28. Re1 Bf7 29. Re5 Rd8 30. Rh4 Kg6 31. Kc3 Rd6 32. Bxf5+ Kxg5 33. Rxh7
Kf6 34. Bd3 Rbd8 35. Rh6+ Ke7 36. Re4 Rd5 37. Rh7 Ke8 38. Rf4 1-0

[Event "Philadelphia Open 2015"]
[Site "Philadelphia"]
[Date "2015.04.01"]
[Round "1.13"]
[White "Tarhon, Brian"]
[Black "Gerzhoy, Leonid"]
[Result "0-1"]
[WhiteElo "2179"]
[BlackElo "2430"]
[PlyCount "88"]
[EventDate "2015.04.??"]
[EventType "swiss"]
[EventRounds "9"]
[EventCountry "USA"]

1. e4 c5 2. Nf3 d6 3. d4 cxd4 4. Nxd4 Nf6 5. Nc3 Nc6 6. Bg5 e6 7. f3 h6 8. Be3
a6 9. Qd2 Be7 10. O-O-O Nxd4 11. Qxd4 b5 12. Kb1 e5 13. Qd2 Be6 14. g4 Qa5 15.
h4 Rc8 16. Nd5 Qxd2 17. Rxd2 Nxd5 18. exd5 Bd7 19. a4 O-O 20. axb5 axb5 21. g5
h5 22. Bh3 Bxh3 23. Rxh3 f5 24. Rh1 Rc4 25. Bf2 Ra8 26. b3 Rc3 27. Rd3 Rac8 28.
Rc1 Bd8 29. Be1 Ba5 30. Bxc3 Bxc3 31. Rf1 b4 32. Rfd1 Kf7 33. Rxc3 Rxc3 34. Rd3
Rc5 35. Kc1 g6 36. Kd2 Ke7 37. Kc1 Kd7 38. Kb2 Kc7 39. c4 bxc3+ 40. Rxc3 Rxc3
41. Kxc3 Kb6 42. b4 Kb5 43. Kb3 e4 44. fxe4 fxe4 0-1

[Event "Philadelphia Open 2015"]
[Site "Philadelphia"]
[Date "2015.04.01"]
[Round "1.15"]
[White "Hernandez-camen, Angel"]
[Black "Li, Ruifeng"]
[Result "0-1"]
[WhiteElo "2166"]
[BlackElo "2426"]
[PlyCount "184"]
[EventDate "2015.04.??"]
[EventType "swiss"]
[EventRounds "9"]
[EventCountry "USA"]

1. Nf3 Nf6 2. c4 c5 3. Nc3 Nc6 4. d4 cxd4 5. Nxd4 g6 6. e4 d6 7. Be2 Nxd4 8.
Qxd4 Bg7 9. Be3 O-O 10. Qd2 Be6 11. Rc1 Qa5 12. O-O Rfc8 13. b3 a6 14. f4 b5
15. f5 Bd7 16. fxg6 hxg6 17. e5 b4 18. exf6 bxc3 19. Rxc3 Bxf6 20. Rd3 Qxd2 21.
Rxd2 Bc3 22. Rd3 Be5 23. Rdd1 Rab8 24. h4 Kg7 25. Bd4 Bxd4+ 26. Rxd4 Rc5 27.
Bf3 Re5 28. Rd5 Rxd5 29. Bxd5 f5 30. g3 Kf6 31. Kf2 e6 32. Bg2 Be8 33. Ke3 Bf7
34. Rd1 Rb6 35. Kd3 g5 36. hxg5+ Kxg5 37. Ke3 Kf6 38. Kf4 e5+ 39. Ke3 Ke7 40.
Bf3 Rb8 41. Bd5 Bg6 42. c5 dxc5 43. Bc4 Rh8 44. Bxa6 Rh3 45. Rg1 Kd6 46. Bf1
Rh8 47. Bg2 Bf7 48. Rd1+ Ke7 49. Rd2 Rh2 50. Kf2 Be6 51. Kg1 Rh8 52. Kf2 Rb8
53. Rc2 Rb5 54. Ke3 Ra5 55. Bf1 Kf6 56. Be2 Bd5 57. Rd2 Ke6 58. Rc2 Kf6 59. Rd2
Bf7 60. Rc2 Kg5 61. Kf2 Bd5 62. Rc3 Kf6 63. a4 Ke6 64. Bb5 Kd6 65. Bc4 Bxc4 66.
Rxc4 Kd5 67. Ke3 Ra8 68. Rc2 Rb8 69. Rd2+ Ke6 70. Rd3 Rb4 71. Rc3 Kd5 72. Rd3+
Kc6 73. Rc3 Rb8 74. Rd3 Rg8 75. Kd2 e4 76. Re3 Kd5 77. Kc3 Rg7 78. a5 Ra7 79.
Re1 Rxa5 80. Rd1+ Ke5 81. Rd8 Ra1 82. Kc4 Rc1+ 83. Kb5 Rc3 84. Re8+ Kf6 85. Rg8
e3 86. b4 Kf7 87. Rh8 e2 88. Rh7+ Kf6 89. Rh1 cxb4 90. Re1 Rxg3 91. Rxe2 b3 92.
Kb4 f4 0-1

[Event "Philadelphia Open 2015"]
[Site "Philadelphia"]
[Date "2015.04.01"]
[Round "1.16"]
[White "Ippolito, Dean"]
[Black "Markzon, Gregory"]
[Result "1/2-1/2"]
[WhiteElo "2414"]
[BlackElo "2155"]
[PlyCount "96"]
[EventDate "2015.04.??"]
[EventType "swiss"]
[EventRounds "9"]
[EventCountry "USA"]

1. Nf3 Nf6 2. c4 g6 3. g3 Bg7 4. Bg2 O-O 5. O-O d6 6. d4 Nc6 7. Nc3 a6 8. h3
Rb8 9. e4 Bd7 10. e5 Ne8 11. Qe2 b5 12. cxb5 axb5 13. Rd1 Qc8 14. Kh2 b4 15.
Nd5 e6 16. Nf4 Na5 17. b3 Bb5 18. Qe3 c5 19. dxc5 dxc5 20. Bd2 Nb7 21. Rac1 Nc7
22. Bxb4 cxb4 23. Qb6 Nd8 24. Rxc7 Rxb6 25. Rxc8 Nc6 26. Rxf8+ Kxf8 27. Rd6 Rb8
28. Nd3 Ke7 29. Nc5 Nxe5 30. Rd1 Rc8 31. Nxe5 Rxc5 32. Nc4 Bxc4 33. bxc4 Bc3
34. Rc1 Rxc4 35. Bf3 e5 36. Bd5 Rd4 37. Bb3 Rd2 38. Kg2 f5 39. Rc2 e4 40. Rxd2
Bxd2 41. Kf1 Kf6 42. Ke2 Bc1 43. Ba4 Ke5 44. Bc2 h6 45. f3 Bb2 46. g4 h5 47.
gxh5 gxh5 48. fxe4 fxe4 1/2-1/2

[Event "Philadelphia Open 2015"]
[Site "Philadelphia"]
[Date "2015.04.02"]
[Round "2.1"]
[White "Dreev, Aleksey"]
[Black "Brown, Michael William"]
[Result "1-0"]
[WhiteElo "2636"]
[BlackElo "2353"]
[PlyCount "119"]
[EventDate "2015.04.??"]
[EventType "swiss"]
[EventRounds "9"]
[EventCountry "USA"]
[WhiteClock "0:11:40"]
[BlackClock "0:01:25"]

1. d4 Nf6 2. c4 e6 3. Nf3 d5 4. Nc3 Bb4 5. cxd5 exd5 6. Bg5 Nbd7 7. Qc2 c5 8.
g3 Qa5 9. Bg2 Ne4 10. Bd2 Nxd2 11. Nxd2 Bxc3 12. bxc3 cxd4 13. cxd4 O-O 14. O-O
Nf6 15. Rfc1 Bd7 16. Nb3 Qd8 17. Nc5 Bc6 18. Rab1 Qe7 19. Bh3 Rfe8 20. Rb2 Ne4
21. Nd3 Qa3 22. Qb3 Qxb3 23. axb3 Bb5 24. Nf4 Rad8 25. Bg2 a6 26. Rbc2 Nf6 27.
h4 h6 28. h5 Rd6 29. e3 Red8 30. Bf3 Kf8 31. Kg2 Ke8 32. g4 Rb6 33. Kg3 Bc6 34.
Rc3 Ke7 35. Nd3 Nd7 36. b4 Kd6 37. Bg2 Re8 38. Ra1 Rb5 39. Kf4 Ra8 40. f3 Re8
41. e4 f6 42. Re1 Rb6 43. exd5 Rxe1 44. dxc6 Re8 45. cxd7 Kxd7 46. Kf5 Rd6 47.
f4 Rxd4 48. Bxb7 Rb8 49. Bxa6 Rb6 50. Bc4 Ke7 51. b5 Rb7 52. Nc5 Rc7 53. Re3+
Kd6 54. Ne4+ Kd7 55. Bf7 Kd8 56. Be6 Rb4 57. Kg6 Rxb5 58. Nd6 Rb6 59. Rd3 Ke7
60. Nc8+ 1-0

[Event "Philadelphia Open 2015"]
[Site "Philadelphia"]
[Date "2015.04.02"]
[Round "2.2"]
[White "Sorkin, Igor"]
[Black "Margvelashvili, Giorgi"]
[Result "1-0"]
[WhiteElo "2325"]
[BlackElo "2539"]
[PlyCount "69"]
[EventDate "2015.04.??"]
[EventType "swiss"]
[EventRounds "9"]
[EventCountry "USA"]
[WhiteClock "0:03:31"]
[BlackClock "0:06:23"]

1. d4 Nf6 2. Nf3 e6 3. Bf4 b6 4. e3 Be7 5. h3 O-O 6. Bd3 Bb7 7. Nbd2 c5 8. O-O
cxd4 9. exd4 d6 10. Re1 Nbd7 11. Bh2 Re8 12. a4 a6 13. c4 d5 14. b3 Bb4 15. Re3
Rc8 16. Rb1 Nb8 17. Ne5 a5 18. Bf4 dxc4 19. Ndxc4 g6 20. Qc2 Bf8 21. Rg3 Qe7
22. Bg5 Bg7 23. Qd2 Qf8 24. Nxb6 Rcd8 25. Ng4 Nxg4 26. Bxd8 Nxf2 27. Bg5 Nxd3
28. Qxd3 Qd6 29. Nc4 Bxd4+ 30. Kh2 Qd5 31. Rd1 Nc6 32. Be3 Rd8 33. Bxd4 Nxd4
34. Qe3 Ba8 35. Nb6 1-0

[Event "Philadelphia Open 2015"]
[Site "Philadelphia"]
[Date "2015.04.02"]
[Round "2.3"]
[White "Chirila, Ioan Cristian"]
[Black "Tang, Andrew"]
[Result "1/2-1/2"]
[WhiteElo "2537"]
[BlackElo "2326"]
[PlyCount "67"]
[EventDate "2015.04.??"]
[EventType "swiss"]
[EventRounds "9"]
[EventCountry "USA"]
[WhiteClock "0:01:05"]
[BlackClock "0:08:07"]

1. d4 d5 2. c4 e6 3. Nc3 Be7 4. Nf3 Nf6 5. Bf4 O-O 6. e3 Nbd7 7. Be2 dxc4 8.
O-O c5 9. dxc5 Nxc5 10. Bxc4 Qxd1 11. Rfxd1 a6 12. a4 Bd7 13. Ne5 Rfc8 14. Nxd7
Nfxd7 15. Be2 Bf6 16. a5 Ne5 17. Kf1 Nc6 18. Ra3 Rd8 19. Bd6 Bxc3 20. Rxc3 Ne4
21. Rcd3 Nxd6 22. Rxd6 Rxd6 23. Rxd6 Nxa5 24. Bf3 Rb8 25. b4 Nc4 26. Rd7 b6 27.
Be2 Ne5 28. Rc7 a5 29. f4 Ng6 30. bxa5 bxa5 31. Ra7 Kf8 32. Rxa5 Ne7 33. e4 Nc6
34. Ra2 1/2-1/2

[Event "Philadelphia Open 2015"]
[Site "Philadelphia"]
[Date "2015.04.02"]
[Round "2.4"]
[White "Shen, Arthur"]
[Black "Zierk, Steven"]
[Result "1/2-1/2"]
[WhiteElo "2316"]
[BlackElo "2485"]
[PlyCount "127"]
[EventDate "2015.04.??"]
[EventType "swiss"]
[EventRounds "9"]
[EventCountry "USA"]
[WhiteClock "0:19:08"]
[BlackClock "0:07:58"]

1. e4 e5 2. Nc3 Nc6 3. g3 Bc5 4. Bg2 d6 5. d3 Be6 6. Nge2 Qd7 7. Nd5 Nd4 8.
Nxd4 Bxd4 9. c3 Bb6 10. Nxb6 axb6 11. f4 f6 12. f5 Bf7 13. O-O Ne7 14. a3 d5
15. Qg4 g5 16. exd5 h5 17. Qe2 Bxd5 18. d4 Bxg2 19. Qxg2 exd4 20. Qxb7 Qc6 21.
Qxc6+ Nxc6 22. cxd4 O-O-O 23. Be3 Rd5 24. Rae1 Re8 25. Kg2 Kd7 26. h3 Nxd4 27.
Bxd4 Rxe1 28. Rxe1 Rxd4 29. Kf3 Rd2 30. b3 Rh2 31. Re6 h4 32. gxh4 Rxh3+ 33.
Kg2 Rxh4 34. Rxf6 Rf4 35. b4 c6 36. Kg3 Kc7 37. Rf8 c5 38. bxc5 bxc5 39. f6 c4
40. f7 Kb7 41. a4 c3 42. a5 c2 43. a6+ Kc7 44. a7 c1=Q 45. Rc8+ Kxc8 46. f8=Q+
Kd7 47. Qg7+ Kd6 48. Qg6+ Kd7 49. Qg7+ Kd6 50. Qg6+ Kc7 51. Qg7+ Kb6 52. a8=N+
Ka6 53. Nc7+ Kb7 54. Nd5+ Ka6 55. Qg6+ Ka5 56. Qb6+ Ka4 57. Qa6+ Kb3 58. Qb6+
Ka2 59. Qa6+ Kb3 60. Qb6+ Ka3 61. Qd6+ Kb3 62. Nxf4 gxf4+ 63. Qxf4 Qxf4+ 64.
Kxf4 1/2-1/2

[Event "Philadelphia Open 2015"]
[Site "Philadelphia"]
[Date "2015.04.02"]
[Round "2.5"]
[White "Smith, Bryan"]
[Black "Rosen, Eric"]
[Result "0-1"]
[WhiteElo "2482"]
[BlackElo "2322"]
[PlyCount "76"]
[EventDate "2015.04.??"]
[EventType "swiss"]
[EventRounds "9"]
[EventCountry "USA"]

1. e4 e5 2. Bc4 Nf6 3. d3 Nc6 4. Nc3 Na5 5. Nge2 Nxc4 6. dxc4 d6 7. O-O Be6 8.
b3 Be7 9. f4 exf4 10. Nxf4 O-O 11. Bb2 c6 12. Qf3 Qb6+ 13. Kh1 Rae8 14. a4 Nd7
15. Nh5 Ne5 16. Qg3 g6 17. Nf6+ Bxf6 18. Rxf6 Nxc4 19. Bc1 Ne5 20. Bh6 Ng4 21.
Bxf8 Nxf6 22. Bxd6 Nd7 23. h3 Qa5 24. Rf1 Qh5 25. Rf4 Qh6 26. Ne2 Qg7 27. Rf2
f5 28. exf5 Bxf5 29. Bb4 Qe5 30. Nf4 Nf6 31. Re2 Ne4 32. Qf3 g5 33. Nh5 Bg6 34.
Rxe4 Bxe4 35. Nf6+ Kh8 36. Qc3 Bxg2+ 37. Kxg2 Qe2+ 38. Kg1 Qd1+ 0-1

[Event "Philadelphia Open 2015"]
[Site "Philadelphia"]
[Date "2015.04.02"]
[Round "2.6"]
[White "Brodsky, David"]
[Black "Xiong, Jeffery"]
[Result "0-1"]
[WhiteElo "2303"]
[BlackElo "2482"]
[PlyCount "78"]
[EventDate "2015.04.??"]
[EventType "swiss"]
[EventRounds "9"]
[EventCountry "USA"]

1. e4 c5 2. Nf3 d6 3. d4 Nf6 4. Nc3 cxd4 5. Nxd4 a6 6. Be3 Ng4 7. Bg5 h6 8. Bh4
g5 9. Bg3 Bg7 10. Be2 h5 11. Bxg4 Bxg4 12. f3 Bd7 13. Qd2 g4 14. Bf2 Nc6 15.
O-O-O Ne5 16. f4 Nc4 17. Qe2 Rc8 18. e5 Rh6 19. Rhe1 Kf8 20. Bh4 dxe5 21. Nb3
Nd6 22. fxe5 Nf5 23. Bf2 Qe8 24. Qd3 Be6 25. Nc5 Rg6 26. Nxb7 Bh6+ 27. Kb1 Qc6
28. Nd8 Qxg2 29. Qxa6 Rxc3 30. bxc3 Qxf2 31. Nxe6+ Rxe6 32. Qe2 Qc5 33. Qd3 Ne3
34. Rc1 Qa3 35. Qb5 Qxc3 36. Qb3 Qc5 37. Ka1 Rb6 38. Qd3 Qb4 39. Qb3 Qxe1 0-1

[Event "Philadelphia Open 2015"]
[Site "Philadelphia"]
[Date "2015.04.02"]
[Round "2.7"]
[White "Chandra, Akshat"]
[Black "Colas, Joshua"]
[Result "1-0"]
[WhiteElo "2476"]
[BlackElo "2315"]
[PlyCount "96"]
[EventDate "2015.04.??"]
[EventType "swiss"]
[EventRounds "9"]
[EventCountry "USA"]

1. e4 c5 2. Nf3 e6 3. d4 cxd4 4. Nxd4 a6 5. Bd3 Nf6 6. O-O Qc7 7. Qe2 d6 8. c4
g6 9. Nc3 Bg7 10. Rd1 O-O 11. Nf3 Nc6 12. h3 Nd7 13. Bf4 Nde5 14. Rac1 b6 15.
b3 Bb7 16. Bb1 Rad8 17. Bg5 f6 18. Be3 Nxf3+ 19. Qxf3 f5 20. exf5 gxf5 21. Qg3
Ne7 22. Na4 Qc6 23. Bxb6 Rd7 24. f3 Rf6 25. Qf2 Rg6 26. Kh1 Nc8 27. Be3 Be5 28.
c5 d5 29. Bd4 Bxd4 30. Qxd4 Rdg7 31. Rd2 Ne7 32. Re1 Kf7 33. Nb2 Rf6 34. Nd3
Ng6 35. Rde2 a5 36. a3 Ba6 37. b4 Bxd3 38. Bxd3 Qc7 39. b5 Nf4 40. b6 Qb8 41.
c6 Nxe2 42. Rxe2 Qg3 43. c7 Rg8 44. Qe5 Qxe5 45. Rxe5 Ke7 46. b7 Rff8 47. Re1
Kd6 48. Rc1 Kd7 1-0